Taylor Swift - Devine la chanson sans indices #13 - Statistiques

Statistiques générales
  • Ce quiz a été pris 505 fois
  • Le résultat moyen est 291 sur 385
Statistiques - réponses
Réponse % Correct
a
99%
I
99%
you
98%
you,
98%
We
95%
we
95%
love
94%
be
93%
oh,
93%
oh
93%
Oh,
93%
oh-oh
93%
oh-oh,
93%
the
93%
me
92%
me,
92%
and
90%
And
90%
He
90%
were
89%
we're
89%
it
88%
when
88%
When
88%
my
87%
My
87%
your
87%
to
86%
do
85%
is
85%
Is
85%
go"
84%
go
84%
in
84%
On
84%
on
84%
say
83%
So
83%
so
83%
don't
82%
Don't
82%
was
82%
It's
81%
it's
81%
just
81%
That
81%
saw
79%
can
78%
first
78%
know
78%
said,
78%
said
78%
all
77%
never
77%
Romeo,
77%
"Romeo
77%
"Romeo,
77%
this
77%
This
77%
for
76%
story,
76%
what
76%
young
76%
alone
75%
baby,
75%
Juliet"
75%
Juliet,
75%
But
74%
but
74%
have
74%
I'll
74%
take
74%
yes"
74%
yes
74%
dad,
73%
of
72%
ever
71%
from
71%
there
71%
somewhere
70%
"Stay
70%
You'll
70%
you'll
70%
both
68%
I'm
68%
they
68%
away
67%
'cause
67%
'Cause
67%
eyes
67%
out
67%
"Please
67%
did
66%
prince,
66%
princess
66%
close
65%
See
65%
see
65%
daddy
64%
waiting,
64%
waiting
64%
been
63%
that's
63%
real
62%
summer
62%
air
60%
I've
60%
"Marry
60%
dress
59%
if
59%
standing
59%
feel
58%
flashback
58%
head?
58%
Little
58%
little
58%
think"
58%
white
58%
Begging
57%
begging
57%
balcony
56%
come
56%
save
56%
"Hello"
55%
how
55%
make
54%
ring
54%
ground
53%
run
53%
talked
53%
lights,
52%
feeling
51%
got
51%
starts
51%
really
50%
we'll
50%
keep
49%
knew
49%
pick
49%
everything
48%
tell
48%
afraid,
47%
while,
47%
left
46%
scarlet
46%
around
45%
coming
45%
garden
45%
party,
45%
sneak
45%
tired
45%
crying
44%
difficult,
43%
letter
43%
pulled
42%
staircase
42%
way
42%
Wondering
42%
faith
41%
mess
41%
through
41%
town
41%
crowd
40%
met
39%
they're
39%
throwing
39%
ball
38%
fading
38%
quiet
38%
dead
37%
pebbles
36%
there's
35%
trying
35%
gowns
33%
knelt
33%
Escape
31%
outskirts
22%
Aucun quiz correspondant
Distribution des résultats
% des personnes avec chaque résultat
Percentile par nombre de réponses
Votre historique - résultats
Vous n’avez pas pris ce quiz